000 01142nam a22002657a 4500
005 20170124103004.0
010 _aB-000120
020 _c150.00
_a8126008679
035 _aA-984001
037 _bCen Lib/Ret
040 _aDPL
_bHN
082 _a
_bसहग
100 _aसहगल, नयनतारा
_955634
245 _aहम आमिर लोग /
_cनयनतारा सहगल; अनुवादक चन्द्रमौलि मणि
246 _aHum ameer log /
_bby Nayantara Sahgal; anuvadak Chandramouli Mani
260 _aनयी दिल्ली
_bसाहित्य अकादेमी
_c2000
270 _aरबिन्द्र भवन, 35, फ़िरोज़ शाह मार्ग
_bनयी दिल्ली
_e110001
300 _a229पृ.
_c21सेमी (सजिल्द)
650 _aहिन्दी साहित्य
_955635
650 _aउपन्यास
_955636
650 _aHindi literature
_955637
650 _aNovel
_922513
700 _aमणि, चन्द्रमौलि
_942961
942 _2ddc
_cHN
_h
_mसहग
999 _c114163
_d114163